[Event "Capablanca Memorial Elite 36th"]
[Site "Havana"]
[Date "2001.05.07"]
[Round "3"]
[White "Stefansson, Hannes"]
[Black "Delgado Ramirez, Neuris"]
[Result "1-0"]
[WhiteElo "2570"]
[BlackElo "2481"]
[Annotator "Ribli,Z"]
[PlyCount "99"]
[EventDate "2001.05.05"]
[EventType "tourn"]
[EventRounds "12"]
[EventCountry "CUB"]
[EventCategory "13"]
[SourceTitle "CBM 084"]
[Source "ChessBase"]
[SourceDate "2001.09.13"]
[SourceVersion "1"]
[SourceVersionDate "2001.09.13"]
[SourceQuality "1"]

1. d4 Nf6 2. c4 e6 3. g3 d5 4. Bg2 Be7 5. Nf3 dxc4 {Diese Zugfolge ist nicht
die beste Wahl für Schwarz - wenn er schon 4...Be7 spielt, muss er mit 5...0-0
fortsetzen. Will er hingegen auf c4 schlagen, sollte er den Bf8 stehen lassen
und zuerst den Damenflügel entwickeln.} 6. Qa4+ {Normalerweise sind die
Varianten mit Qa4+ nicht allzu gefährlich in der Katalanischen Verteidigung.
Angesichts der Läuferstellung mit dem Be7 ist das jedoch eine gute Möglichkeit
für Weiß.} Bd7 (6... Nbd7 7. Qxc4 O-O 8. O-O a6 9. Qc2 c5 10. Rd1 $14) (6...
Qd7 7. Qxc4 Qc6 8. Qxc6+ Nxc6 9. Nc3 Bd7 10. O-O Nd5 11. Bd2 $14 {Die Damen
sind schon nicht mehr auf dem Brett, aber aufgrund des Übergewichts im Zentrum
steht Weiß etwas besser.}) 7. Qxc4 Bc6 8. O-O O-O (8... Bd5) 9. Nc3 {Weiß hat
Raumvorteil im Zentrum. Der Bc6 steht unglücklich, denn Schwarz kann nicht
c7-c5 spielen und ohne diese Möglichkeit bleibt seine Stellung immer etwas
passiv.} (9. Bg5 Nbd7 10. Nc3 h6 11. Bxf6 Nxf6 12. b4 Ne4 13. b5 Bd5 14. Nxd5
exd5 15. Qb3 Qd6 16. Rfc1 Bf6 17. Rc2 Rfe8 18. Rac1 {1-0 Delchev,A-Brumen,D/
Nova Gorica 2000/CBM 74 ext (36)}) 9... a6 {Schwarz bereitet 10...b5 vor.} (
9... Nbd7) 10. a3 (10. Bg5 b5 (10... Nbd7 11. Rfe1 Rb8 12. a3 h6 13. Bxf6 Nxf6
14. Rad1 Ne4 15. Rc1 Nxc3 16. Rxc3 Qd6 17. Nd2 Bxg2 18. Kxg2 c6 19. Ne4 {
1/2-1/2 Nielsen,P-Slobodjan,R/Germany 1999/GER-chT (19)}) 11. Qb3 Nbd7 12. Rfd1
Qe8 13. Qc2 h6 14. Bxf6 Nxf6 15. Ne5 {1/2-1/2 Keitlinghaus,L-Polgar,S/Dortmund
1990/CBM 18 (51)}) (10. a4 $2 {Dieser Zug ist schlecht für Weiß. - Es wäre
eine Zugumstellung zu der Variante 5...0-0 6.0-0 dxc4 7.Qc2 a6 8.a4 Bd7 9.Qxc4
Bc6 10.Nc3?.} b5 $15) (10. Qd3) 10... b5 11. Qd3 Nbd7 (11... b4 12. axb4 Bxb4
13. Bg5 $14) 12. Bg5 {Weiß folgt einer bekannten und bewährten Strategie - er
tauscht den Nf6 ab und setzt entweder auf e2-e4 mit Übergewicht im Zentrum
oder auf positionellen Druck auf der c-Linie.} h6 (12... Bb7 13. b4 h6 14. Bxf6
Nxf6 15. Ne5 Bxg2 16. Kxg2 Bd6 17. Nc6 Qe8 18. Qf3 {1-0 Gleizerov,E-Akhmadeev,
V/Kstovo 1997/EXT 99 (41)}) 13. Bxf6 Nxf6 14. Rac1 {[%cal Gc1c7]} (14. e4 Bb7
15. b4 c5 $132) 14... Bxf3 $6 (14... Bb7 15. b4 $14) (14... b4 $5 15. axb4 Bxb4
) 15. Bxf3 $14 {[%csl Gf3][%cal Gf3a8] Weiß hat positionellen Vorteil erreicht
- sein katalanischer Läufer steht ausgezeichnet und kontrolliert massiv die
weißen Felder am Damenflügel.} Rb8 16. Na2 {[%csl Yc6,Rc7][%cal Ga2b4,Gb4a6,
Gb4c6,Gc1c7] Natürlich verhindert Weiß den Ausgleichszug c7-c5 und bereitet
entweder Rc6 oder Nb4 vor. Der schwarze Damenflügel ist schwach.} (16. b4 $14)
16... Nd5 (16... Rb6 $5 {[%cal Gb6d6,Gd6d4]}) 17. Rc6 {[%csl Gc6]} Nb6 (17...
Rb6 18. Rfc1 $14) 18. Nb4 Bxb4 (18... Nc4 19. Nxa6 Rb6 20. Qc3 $16) 19. axb4 {
Weiß hat zwar einen Doppelbauern auf der b-Linie, aber sein positioneller
Druck am Damenflügel zählt viel mehr.} Qe7 $5 (19... Qd7) 20. Qc3 Rfd8 (20...
Na4 $5 21. Rxc7 Qd8 {Nach diesem Zug gewinnt Schwarz das Material zurück.} 22.
Qc6 Qxd4 23. b3 Nb6 24. Qc5 $14) 21. b3 $5 {[%mdl 32] Weiß braucht sich gar
nicht zu beeilen, der Pc7 ist eine ewige Schwäche. Der Textzug unterbindet
mögliches Gegenspiel durch Na4 oder Nc4.} (21. Rxc7 Qf6 (21... Qd6 22. e3 Rbc8
23. Rc1 $16) 22. Rd1 Rbc8 23. Rxc8 Rxc8 24. Qa3 $16) 21... Qf6 22. Rd1 Nd5 {
Schwarz opfert seinen schlechten Pc7, um etwas Aktivität zu bekommen.} (22...
Rbc8 23. e4 $14 (23. Rxc7 Rxc7 24. Qxc7 Rxd4 25. Rxd4 Qxd4 $132)) 23. Bxd5 Rxd5
24. e4 Rdd8 (24... Rd6 25. Rxc7 $16 {[%cal Re4e5]}) 25. Rxc7 $16 {Weiß hat nun
einen gesunden Mehrbauern. Schwarz versucht in der Folge, etwas Gegenspiel zu
bekommen, und greift die weißen Zentrumsbauern an.} Qg6 26. f3 (26. Qf3 $16)
26... f5 27. Qc6 (27. exf5 exf5 (27... Qxf5 28. d5 $18) 28. d5 $16 {[%csl Gd5]}
) 27... fxe4 28. Qxe4 (28. fxe4 Qg4 29. Qc2 $16) 28... Qxe4 29. fxe4 {[%mdl
4096] In Turmendspielen gibt es praktisch immer eine gewisse Remisbreite. Weiß
hat jetzt zwar einen Bauern mehr, aber die Realisierung des Vorteils ist
keineswegs einfach.} Rd6 {[%cal Rb8d8,Rd8d4]} 30. Rc3 (30. Kf2 $5 Rbd8 31. Ke3
$16) 30... Rbd8 31. Rcd3 Rc6 {[%cal Gc6c2]} 32. Kf2 (32. d5 $16) 32... Rc2+ 33.
R1d2 Rc1 (33... Rxd2+ 34. Rxd2 $16) 34. Ke3 Kf7 35. d5 Kf6 (35... e5 36. Rf2+
$16) (35... exd5 36. exd5 $16 {[%cal Ge3d4]}) 36. Kd4 (36. dxe6 $6 Rxd3+ 37.
Rxd3 Kxe6 $14) 36... e5+ (36... exd5 37. exd5 $16) 37. Ke3 {[%csl Gd5] Jetzt
hat Weiß schon einen starken, verbundenen Freibauern auf d5.} Re1+ 38. Re2
Rxe2+ $6 {Der Turmtausch erleichtert die Aufgabe für Weiß - Schwarz hätte
besser daran getan, die Türme auf dem Brett zu halten.} (38... Rc1 39. Rf2+ Ke7
40. Kd2 $16 Rdc8 41. d6+ Ke6 42. d7 $18) 39. Kxe2 {[%cal Rd3c3,Rc3c8]} Rc8 {
Schwarz kontrolliert die c-Linie, dafür aber erscheint der gegnerische Turm
auf der f-Linie.} 40. Rf3+ Ke7 41. Rf5 Kd6 42. Kd2 $1 {[%csl Gd2] Der weiße
König deckt alle möglichen Eindringungsfelder auf der c-Linie ab.} (42. Rf7)
42... Ra8 43. Rf7 a5 44. bxa5 (44. Rxg7 a4 (44... axb4 45. Rg6+ Kc5 46. Ke3 Rc8
47. Rxh6 $18) 45. Rg6+ Kd7 46. bxa4 bxa4 47. Kc2 $16) 44... Rxa5 45. Kc3 {
[%cal Gc3b4]} Ra2 46. Rxg7 Rxh2 47. Rg6+ Kd7 (47... Kc5 48. b4# (48. Rc6#)) 48.
Re6 $18 {[%csl Re5]} Rh3 49. Rxe5 Rxg3+ 50. Kb4 {[%csl Gd5,Ge4] Und Schwarz
gab in hoffnungsloser Stellung auf.} 1-0

[Event "Capablanca Memorial Elite 36th"]
[Site "Havana"]
[Date "2001.05.08"]
[Round "4"]
[White "Delgado Ramirez, Neuris"]
[Black "Miles, Anthony John"]
[Result "1/2-1/2"]
[WhiteElo "2481"]
[BlackElo "2562"]
[PlyCount "44"]
[EventDate "2001.05.05"]
[EventType "tourn"]
[EventRounds "12"]
[EventCountry "CUB"]
[EventCategory "13"]
[SourceTitle "CBM 084"]
[Source "ChessBase"]
[SourceDate "2001.09.13"]
[SourceVersion "1"]
[SourceVersionDate "2001.09.13"]
[SourceQuality "1"]

1. e4 d6 2. d4 Nf6 3. Nc3 c6 4. Bg5 Qb6 5. Qd2 h6 6. Bxf6 exf6 7. O-O-O Be7 8.
f4 O-O 9. Nf3 f5 10. exf5 Bxf5 11. h3 Nd7 12. g4 Bh7 13. g5 hxg5 14. Nxg5 d5
15. Rg1 Bxg5 16. fxg5 Qc7 17. h4 Rfe8 18. h5 Nf8 19. Qf2 Qe7 20. Rg3 Rad8 21.
Ne2 Be4 22. Nf4 Ne6 1/2-1/2

[Event "Capablanca Memorial Elite 36th"]
[Site "Havana"]
[Date "2001.05.10"]
[Round "5"]
[White "Arencibia Rodriguez, Walter"]
[Black "Delgado Ramirez, Neuris"]
[Result "1/2-1/2"]
[WhiteElo "2543"]
[BlackElo "2481"]
[PlyCount "43"]
[EventDate "2001.05.05"]
[EventType "tourn"]
[EventRounds "12"]
[EventCountry "CUB"]
[EventCategory "13"]
[SourceTitle "CBM 084"]
[Source "ChessBase"]
[SourceDate "2001.09.13"]
[SourceVersion "1"]
[SourceVersionDate "2001.09.13"]
[SourceQuality "1"]

1. Nf3 Nf6 2. b3 d5 3. Bb2 e6 4. e3 Nbd7 5. d4 Bd6 6. Bd3 c5 7. O-O Qc7 8. c4
dxc4 9. bxc4 O-O 10. Nc3 a6 11. Qc2 h6 12. Rad1 cxd4 13. exd4 b5 14. c5 Be7 15.
Qe2 Bb7 16. Bb1 b4 17. Ne4 Nxe4 18. Bxe4 Bxe4 19. Qxe4 Nf6 20. Qc2 a5 21. Qa4
Nd5 22. Rfe1 1/2-1/2

[Event "Capablanca Memorial Elite 36th"]
[Site "Havana"]
[Date "2001.05.11"]
[Round "6"]
[White "Delgado Ramirez, Neuris"]
[Black "Vallejo Pons, Francisco"]
[Result "0-1"]
[WhiteElo "2481"]
[BlackElo "2559"]
[PlyCount "84"]
[EventDate "2001.05.05"]
[EventType "tourn"]
[EventRounds "12"]
[EventCountry "CUB"]
[EventCategory "13"]
[SourceTitle "CBM 084"]
[Source "ChessBase"]
[SourceDate "2001.09.13"]
[SourceVersion "1"]
[SourceVersionDate "2001.09.13"]
[SourceQuality "1"]

1. e4 c5 2. Nf3 b6 3. Nc3 Bb7 4. d4 cxd4 5. Nxd4 a6 6. Be2 e6 7. O-O Qc7 8. f4
Nc6 9. Nxc6 Bxc6 10. Bf3 Bc5+ 11. Kh1 Ne7 12. Nd5 exd5 13. exd5 Bb5 14. d6 Bxd6
15. Bxa8 Bxf1 16. Qxf1 Qxc2 17. Be3 O-O 18. Qxa6 Qxb2 19. Rd1 Bc5 20. Bxc5 bxc5
21. Bf3 Nf5 22. Qd3 Nd4 23. Bd5 g6 24. h3 Qb8 25. Qc4 Qxf4 26. a4 Ne6 27. Qxf4
Nxf4 28. Bb7 c4 29. Rd4 Rb8 30. Bf3 c3 31. Rc4 Rb3 32. a5 d5 33. Rc8+ Kg7 34.
a6 Ra3 35. g3 Ra1+ 36. Kh2 Ra2+ 37. Kh1 Ra1+ 38. Kh2 Ra2+ 39. Kh1 Nxh3 40. Bxd5
Rxa6 41. Rxc3 Ng5 42. Rc2 Rd6 0-1

[Event "Capablanca Memorial Elite 36th"]
[Site "Havana"]
[Date "2001.05.12"]
[Round "7"]
[White "Nogueiras Santiago, Jesus"]
[Black "Delgado Ramirez, Neuris"]
[Result "1/2-1/2"]
[WhiteElo "2557"]
[BlackElo "2481"]
[PlyCount "27"]
[EventDate "2001.05.05"]
[EventType "tourn"]
[EventRounds "12"]
[EventCountry "CUB"]
[EventCategory "13"]
[SourceTitle "CBM 084"]
[Source "ChessBase"]
[SourceDate "2001.09.13"]
[SourceVersion "1"]
[SourceVersionDate "2001.09.13"]
[SourceQuality "1"]

1. d4 Nf6 2. Nf3 e6 3. c4 b6 4. g3 Bb7 5. Bg2 Bb4+ 6. Bd2 Bxd2+ 7. Qxd2 O-O 8.
Nc3 d6 9. O-O Ne4 10. Nxe4 Bxe4 11. Nh4 Bxg2 12. Nxg2 Nd7 13. e4 Nf6 14. f3
1/2-1/2

[Event "Capablanca Memorial Elite 36th"]
[Site "Havana"]
[Date "2001.05.14"]
[Round "8"]
[White "Delgado Ramirez, Neuris"]
[Black "Bruzon Batista, Lazaro"]
[Result "0-1"]
[WhiteElo "2481"]
[BlackElo "2584"]
[PlyCount "52"]
[EventDate "2001.05.05"]
[EventType "tourn"]
[EventRounds "12"]
[EventCountry "CUB"]
[EventCategory "13"]
[SourceTitle "CBM 084"]
[Source "ChessBase"]
[SourceDate "2001.09.13"]
[SourceVersion "1"]
[SourceVersionDate "2001.09.13"]
[SourceQuality "1"]

1. e4 c5 2. Nf3 e6 3. b3 b6 4. Bd3 Bb7 5. O-O Nf6 6. Re1 Nc6 7. e5 Nd5 8. Be4
Nc7 9. Bb2 Be7 10. d4 O-O 11. dxc5 bxc5 12. Na3 f5 13. exf6 Bxf6 14. Bxf6 Rxf6
15. Bxc6 Bxc6 16. Ne5 Nd5 17. Nxc6 dxc6 18. c4 Nf4 19. Qxd8+ Rxd8 20. Rad1 Ne2+
21. Kf1 Nd4 22. Nb1 Kf7 23. Nc3 Ke7 24. Ne4 Rf5 25. Rd2 Re5 26. f3 Nxf3 0-1

[Event "Capablanca Memorial Elite 36th"]
[Site "Havana"]
[Date "2001.05.15"]
[Round "9"]
[White "Nataf, Igor Alexandre"]
[Black "Delgado Ramirez, Neuris"]
[Result "1/2-1/2"]
[WhiteElo "2552"]
[BlackElo "2481"]
[PlyCount "107"]
[EventDate "2001.05.05"]
[EventType "tourn"]
[EventRounds "12"]
[EventCountry "CUB"]
[EventCategory "13"]
[SourceTitle "CBM 084"]
[Source "ChessBase"]
[SourceDate "2001.09.13"]
[SourceVersion "1"]
[SourceVersionDate "2001.09.13"]
[SourceQuality "1"]

1. e4 e5 2. Nf3 Nf6 3. Nxe5 d6 4. Nf3 Nxe4 5. d4 d5 6. Bd3 Nc6 7. O-O Be7 8. c4
Nf6 9. h3 O-O 10. Nc3 Nb4 11. Be2 dxc4 12. Bxc4 c6 13. Re1 Nbd5 14. Bg5 Be6 15.
Qb3 Re8 16. Bxf6 Bxf6 17. Bxd5 cxd5 18. Qxb7 Rb8 19. Qxa7 Rxb2 20. Na4 Rb8 21.
Nc5 Ra8 22. Qb7 Qd6 23. Qb5 Rab8 24. Qd3 g6 25. a4 Bf5 26. Rxe8+ Rxe8 27. Qd2
Be4 28. Nh2 h5 29. a5 Ra8 30. Nf1 h4 31. Ne3 Qf4 32. Ra2 Bd8 33. a6 Kg7 34. Rb2
Be7 35. Rb6 Bd6 36. Nf1 Qxd2 37. Nxd2 Bxc5 38. dxc5 Bd3 39. Rd6 Rxa6 40. Rxd5
Ra1+ 41. Kh2 Ra3 42. Rd7 Rc3 43. Nf3 Bf5 44. Rc7 Be4 45. Ne5 Bd5 46. Ng4 Be6
47. Ne3 Kf6 48. g3 hxg3+ 49. Kxg3 g5 50. Kg2 Ke5 51. Ng4+ Kf4 52. Ne3 Ke5 53.
Ng4+ Kf4 54. Ne3 1/2-1/2

[Event "Capablanca Memorial Elite 36th"]
[Site "Havana"]
[Date "2001.05.18"]
[Round "12"]
[White "Luther, Thomas"]
[Black "Delgado Ramirez, Neuris"]
[Result "1-0"]
[WhiteElo "2568"]
[BlackElo "2481"]
[PlyCount "105"]
[EventDate "2001.05.05"]
[EventType "tourn"]
[EventRounds "12"]
[EventCountry "CUB"]
[EventCategory "13"]
[SourceTitle "CBM 084"]
[Source "ChessBase"]
[SourceDate "2001.09.13"]
[SourceVersion "1"]
[SourceVersionDate "2001.09.13"]
[SourceQuality "1"]

1. e4 c5 2. Nf3 d6 3. d4 cxd4 4. Nxd4 Nf6 5. Nc3 a6 6. Bg5 e6 7. f4 Qb6 8. Nb3
Be7 9. Qd2 h6 10. Bxf6 Bxf6 11. O-O-O Be7 12. h4 Nd7 13. g4 Qc7 14. Bg2 Nb6 15.
g5 Bd7 16. Qd4 e5 17. Qf2 exf4 18. Qxf4 hxg5 19. hxg5 O-O-O 20. Kb1 Be6 21. Nd4
Kb8 22. Nd5 Rxh1 23. Rxh1 Bxd5 24. exd5 Bf8 25. g6 Rc8 26. gxf7 Qc5 27. Qe4 Nc4
28. Nb3 Qc7 29. Bh3 Rd8 30. Be6 Be7 31. Qh7 Bf8 32. Rf1 g5 33. Qd3 Bg7 34. c3
Ne5 35. Qh7 Bf8 36. Qe4 Be7 37. Ka1 Rf8 38. Nd4 Qc4 39. Qe2 Qc7 40. a3 Rh8 41.
Bg4 Bf8 42. Ne6 Qe7 43. Bh5 Rh7 44. c4 g4 45. Rf5 g3 46. Rg5 Nxf7 47. Bxf7 Rh2
48. Qf3 Rf2 49. Qxg3 Rxf7 50. Rg8 Ka7 51. Qg1+ Kb8 52. Qb6 Qf6 53. Rxf8+ 1-0

[Event "Capablanca Memorial Elite 36th"]
[Site "Havana"]
[Date "2001.05.20"]
[Round "13"]
[White "Delgado Ramirez, Neuris"]
[Black "Abreu Delgado, Aryam"]
[Result "1-0"]
[WhiteElo "2481"]
[BlackElo "2480"]
[PlyCount "84"]
[EventDate "2001.05.05"]
[EventType "tourn"]
[EventRounds "12"]
[EventCountry "CUB"]
[EventCategory "13"]
[SourceTitle "CBM 084"]
[Source "ChessBase"]
[SourceDate "2001.09.13"]
[SourceVersion "1"]
[SourceVersionDate "2001.09.13"]
[SourceQuality "1"]

1. e4 c5 2. Nf3 d6 3. Bb5+ Bd7 4. Bxd7+ Qxd7 5. O-O Nc6 6. c3 Nf6 7. d3 e6 8.
Bg5 Be7 9. Nbd2 h6 10. Bxf6 Bxf6 11. Re1 d5 12. Nf1 Rd8 13. e5 Be7 14. Ng3 g6
15. a3 b5 16. Qd2 Qc7 17. h3 Kf8 18. h4 a5 19. h5 g5 20. d4 a4 21. dxc5 Bxc5
22. Qe2 Qb8 23. Rad1 f5 24. Nd4 Nxd4 25. cxd4 Be7 26. Qd3 Qb6 27. Rc1 Kg7 28.
Ne2 g4 29. Kh2 Rhg8 30. Rc2 Bg5 31. Rc5 Rc8 32. Rxb5 Qa6 33. Nc3 Rb8 34. Qe2
Rxb5 35. Nxb5 Rb8 36. Nc7 Qb6 37. Na6 Rc8 38. Nc5 Be7 39. Rc1 Bxc5 40. Qc2 Bxd4
41. Qxc8 Bxe5+ 42. Kh1 Bd6 1-0

[Event "Guillermo Garcia Memorial-A 09th"]
[Site "Santa Clara"]
[Date "2001.05.23"]
[Round "1"]
[White "Delgado Ramirez, Neuris"]
[Black "Nogueiras Santiago, Jesus"]
[Result "1/2-1/2"]
[WhiteElo "2481"]
[BlackElo "2557"]
[PlyCount "24"]
[EventDate "2001.05.23"]
[EventType "tourn"]
[EventRounds "11"]
[EventCountry "CUB"]
[EventCategory "8"]
[SourceTitle "EXT 2002"]
[Source "ChessBase"]
[SourceDate "2001.11.25"]
[SourceVersion "1"]
[SourceVersionDate "2001.11.25"]
[SourceQuality "1"]

1. e4 e6 2. d4 d5 3. exd5 exd5 4. Nf3 Nf6 5. Bg5 Be7 6. Bd3 Bg4 7. O-O Nbd7 8.
Nbd2 O-O 9. c3 c6 10. Re1 Re8 11. Qc2 h6 12. Bh4 Nh5 1/2-1/2

[Event "Guillermo Garcia Memorial-A 09th"]
[Site "Santa Clara"]
[Date "2001.05.24"]
[Round "2"]
[White "Pecorelli Garcia, Humberto"]
[Black "Delgado Ramirez, Neuris"]
[Result "1/2-1/2"]
[WhiteElo "2430"]
[BlackElo "2481"]
[PlyCount "47"]
[EventDate "2001.05.23"]
[EventType "tourn"]
[EventRounds "11"]
[EventCountry "CUB"]
[EventCategory "8"]
[SourceTitle "EXT 2002"]
[Source "ChessBase"]
[SourceDate "2001.11.25"]
[SourceVersion "1"]
[SourceVersionDate "2001.11.25"]
[SourceQuality "1"]

1. d4 Nf6 2. c4 e6 3. g3 d5 4. Nf3 dxc4 5. Qa4+ Nbd7 6. Bg2 a6 7. Qxc4 b5 8.
Qc2 Bb7 9. a4 c5 10. O-O Rc8 11. axb5 axb5 12. Qb3 b4 13. dxc5 Bxc5 14. Be3 Bd5
15. Qd3 O-O 16. Nbd2 Bxe3 17. Qxe3 Qb6 18. Qxb6 Nxb6 19. Rfc1 Rxc1+ 20. Rxc1
Na4 21. Ra1 Nxb2 22. Rb1 Na4 23. Rxb4 Nc3 24. e3 1/2-1/2

[Event "Guillermo Garcia Memorial-A 09th"]
[Site "Santa Clara"]
[Date "2001.05.25"]
[Round "3"]
[White "Delgado Ramirez, Neuris"]
[Black "Almeida Quintana, Omar"]
[Result "1/2-1/2"]
[WhiteElo "2481"]
[BlackElo "2426"]
[PlyCount "71"]
[EventDate "2001.05.23"]
[EventType "tourn"]
[EventRounds "11"]
[EventCountry "CUB"]
[EventCategory "8"]
[SourceTitle "EXT 2002"]
[Source "ChessBase"]
[SourceDate "2001.11.25"]
[SourceVersion "1"]
[SourceVersionDate "2001.11.25"]
[SourceQuality "1"]

1. e4 Nf6 2. e5 Nd5 3. d4 d6 4. c4 Nb6 5. exd6 cxd6 6. Nc3 g6 7. Nf3 Bg7 8. h3
O-O 9. d5 e6 10. Be2 exd5 11. cxd5 N8d7 12. O-O Nf6 13. a4 Re8 14. a5 Nbd7 15.
Bb5 a6 16. Ba4 Ne4 17. Nxe4 Rxe4 18. Bc2 Rb4 19. Bg5 Nf6 20. Qd2 Rxb2 21. Rfb1
Rxc2 22. Qxc2 Bf5 23. Qd2 Ne4 24. Bxd8 Nxd2 25. Nxd2 Rxd8 26. g4 Bd3 27. Rb3
Bxa1 28. Rxd3 Rc8 29. Ne4 Be5 30. Rb3 Rc4 31. f3 h6 32. g5 hxg5 33. Nxg5 Rc5
34. Rxb7 Rxd5 35. Nxf7 Rxa5 36. Nxe5 1/2-1/2

[Event "Guillermo Garcia Memorial-A 09th"]
[Site "Santa Clara"]
[Date "2001.05.27"]
[Round "4"]
[White "Delgado Ramirez, Neuris"]
[Black "Teran Alvarez, Ismael"]
[Result "1/2-1/2"]
[WhiteElo "2481"]
[BlackElo "2382"]
[PlyCount "40"]
[EventDate "2001.05.23"]
[EventType "tourn"]
[EventRounds "11"]
[EventCountry "CUB"]
[EventCategory "8"]
[SourceTitle "EXT 2002"]
[Source "ChessBase"]
[SourceDate "2001.11.25"]
[SourceVersion "1"]
[SourceVersionDate "2001.11.25"]
[SourceQuality "1"]

1. e4 c5 2. Nf3 e6 3. b3 Nf6 4. e5 Nd5 5. Nc3 Nxc3 6. dxc3 Be7 7. Bd3 Nc6 8.
Qe2 d6 9. exd6 Bf6 10. Bb2 Qxd6 11. O-O-O Qc7 12. Kb1 Bd7 13. Qe3 Ne5 14. c4
Ng4 15. Qe2 Bxb2 16. Kxb2 Bc6 17. h3 Bxf3 18. Qxf3 Ne5 19. Qg3 Nxd3+ 20. Qxd3
Rd8 1/2-1/2

[Event "Guillermo Garcia Memorial-A 09th"]
[Site "Santa Clara"]
[Date "2001.05.28"]
[Round "5"]
[White "Abreu Delgado, Aryam"]
[Black "Delgado Ramirez, Neuris"]
[Result "0-1"]
[WhiteElo "2480"]
[BlackElo "2481"]
[PlyCount "90"]
[EventDate "2001.05.23"]
[EventType "tourn"]
[EventRounds "11"]
[EventCountry "CUB"]
[EventCategory "8"]
[SourceTitle "EXT 2002"]
[Source "ChessBase"]
[SourceDate "2001.11.25"]
[SourceVersion "1"]
[SourceVersionDate "2001.11.25"]
[SourceQuality "1"]

1. e4 c5 2. Nf3 d6 3. d4 cxd4 4. Nxd4 Nf6 5. Nc3 a6 6. Be2 e5 7. Nb3 Be7 8. O-O
O-O 9. Be3 Be6 10. Qd3 Nbd7 11. Nd5 Bxd5 12. exd5 Nc5 13. Qd2 Nfe4 14. Qb4 b6
15. Nxc5 Nxc5 16. a4 a5 17. Qb5 Bg5 18. Bxg5 Qxg5 19. Qxb6 Qe7 20. b4 Rfb8 21.
bxc5 Rxb6 22. cxb6 Qd8 23. Rab1 Rb8 24. b7 Qc7 25. Ba6 Qc5 26. Rb5 Qa7 27. Rfb1
Qxa6 28. Rb6 Qe2 29. Rc6 Qg4 30. Rxd6 h5 31. h3 Qf5 32. Rbb6 Kh7 33. c4 Qe4 34.
Rdc6 Qe1+ 35. Kh2 Qxf2 36. c5 Qf4+ 37. Kh1 Qf5 38. Rb2 Qf1+ 39. Kh2 Qf4+ 40. g3
Qd4 41. Rb5 Qxd5 42. Rcb6 Qd2+ 43. Kg1 Qe1+ 44. Kg2 Qe2+ 45. Kg1 e4 0-1

[Event "Guillermo Garcia Memorial-A 09th"]
[Site "Santa Clara"]
[Date "2001.05.29"]
[Round "6"]
[White "Delgado Ramirez, Neuris"]
[Black "Wohl, Aleksandar H"]
[Result "1/2-1/2"]
[WhiteElo "2481"]
[BlackElo "2418"]
[PlyCount "192"]
[EventDate "2001.05.23"]
[EventType "tourn"]
[EventRounds "11"]
[EventCountry "CUB"]
[EventCategory "8"]
[SourceTitle "EXT 2002"]
[Source "ChessBase"]
[SourceDate "2001.11.25"]
[SourceVersion "1"]
[SourceVersionDate "2001.11.25"]
[SourceQuality "1"]

1. e4 e6 2. d4 d5 3. Nd2 dxe4 4. Nxe4 Nd7 5. Nf3 Ngf6 6. Nxf6+ Nxf6 7. c3 Be7
8. Ne5 O-O 9. Be3 c5 10. Bd3 cxd4 11. Bxd4 Qc7 12. O-O Bc5 13. Bxc5 Qxc5 14.
Re1 b6 15. Qf3 Rb8 16. Qh3 g6 17. Qh4 Nd7 18. Ng4 Bb7 19. Rad1 Rbd8 20. Be4 Bc8
21. Nh6+ Kg7 22. Nxf7 Kxf7 23. Qxh7+ Kf6 24. Rd5 Qc7 25. Rg5 Qf4 26. Rxg6+ Ke5
27. Bf3+ Kd6 28. Rgxe6+ Kc7 29. R6e4 Qf7 30. Qxf7 Rxf7 31. h4 Kb8 32. Re8 Rxe8
33. Rxe8 Nf6 34. Rd8 Kc7 35. Rd4 Be6 36. b3 Nd7 37. Bd5 Nc5 38. Bxe6 Nxe6 39.
Re4 Nc5 40. Re3 Kd6 41. g4 Ne6 42. Kg2 Nf4+ 43. Kg3 Nd5 44. Rd3 Ke5 45. f3 b5
46. h5 a5 47. c4 bxc4 48. bxc4 Nb4 49. Rd2 a4 50. a3 Nc6 51. Rd5+ Ke6 52. Rc5
Nd4 53. f4 Ne2+ 54. Kf3 Nxf4 55. Ke4 Nh3 56. Rc6+ Kd7 57. Rg6 Nf4 58. Ra6 Ne6
59. Ke5 Nc7 60. Rxa4 Rf1 61. h6 Re1+ 62. Kf5 Rf1+ 63. Kg6 Ne6 64. Ra7+ Ke8 65.
Ra8+ Ke7 66. h7 Rf6+ 67. Kh5 Ng7+ 68. Kg5 Ne6+ 69. Kh4 Rh6+ 70. Kg3 Nf8 71.
Ra7+ Ke8 72. g5 Rh1 73. Kf4 Nxh7 74. g6 Nf6 75. Kf5 Nh5 76. g7 Nxg7+ 77. Rxg7
Kd8 78. Ke5 Rd1 79. Rg4 Kc7 80. Rd4 Rh1 81. Rd3 Kc6 82. Kd4 Rc1 83. Rh3 Rd1+
84. Kc3 Rb1 85. Rh6+ Kc5 86. Rh5+ Kc6 87. a4 Rc1+ 88. Kd3 Ra1 89. a5 Rc1 90.
Rg5 Rd1+ 91. Kc2 Ra1 92. Kb2 Ra4 93. Kc3 Ra1 94. a6 Kb6 95. Rg2 Rxa6 96. Rg6+
Kc5 1/2-1/2

[Event "Guillermo Garcia Memorial-A 09th"]
[Site "Santa Clara"]
[Date "2001.05.31"]
[Round "7"]
[White "Mateo, Ramon"]
[Black "Delgado Ramirez, Neuris"]
[Result "0-1"]
[WhiteElo "2420"]
[BlackElo "2481"]
[PlyCount "56"]
[EventDate "2001.05.23"]
[EventType "tourn"]
[EventRounds "11"]
[EventCountry "CUB"]
[EventCategory "8"]
[SourceTitle "EXT 2002"]
[Source "ChessBase"]
[SourceDate "2001.11.25"]
[SourceVersion "1"]
[SourceVersionDate "2001.11.25"]
[SourceQuality "1"]

1. d4 Nf6 2. Nf3 e6 3. c4 b6 4. Nc3 Bb4 5. Bg5 h6 6. Bh4 Bb7 7. Qb3 Bxc3+ 8.
Qxc3 d6 9. Nd2 Nbd7 10. f3 c5 11. e3 Qc7 12. Bd3 O-O 13. O-O Rac8 14. Rac1 d5
15. Bg3 Qd8 16. Qa3 a5 17. cxd5 Nxd5 18. Nc4 cxd4 19. Nd6 Rxc1 20. Rxc1 Ba8 21.
exd4 Qf6 22. Nb5 Qg5 23. Rd1 h5 24. Qd6 h4 25. Bxh4 Qxh4 26. Qxd7 Rd8 27. Qa7
Ne3 28. Rb1 Qg5 0-1